Food of the Caribbean - Sudden Death - Statistics

General Stats
  • This quiz has been taken 98 times
    85 since last reset
  • The average score is 6 of 12
Answers on the Grid
Answers color-coded by a green-red scale on the quiz's grid according to % correct below.
Tajine
Whoopie pie
Brown stew chicken
Pelau
Jokbal
Paella
Medianoche
Rum cake
Waldorf salad
Soup joumou
Fish and brewis
Griot
Conch salad
Burrito
Yaroa
Vaca frita
Jerk chicken
Caldo tlalpeño
Aligot
Cou-cou and flying fish
Ackee and saltfish
 
Answer Stats
Answer % Correct
Jerk chicken
79%
Ackee and saltfish
77%
Rum cake
75%
Cou-cou and flying fish
60%
Brown stew chicken
58%
Soup joumou
46%
Conch salad
40%
Vaca frita
31%
Pelau
29%
Griot
27%
Medianoche
25%
Yaroa
21%
No matching quizzes found
Score Distribution
Percent of People with Each Score
Percentile by Number Answered
Your Score History
You have not taken this quiz since the last reset